Türk Dillerinde 10'a Kadar Sayma - Statistics

General Stats
  • This quiz has been taken 858 times
  • The average score is 85 of 170
Answer Stats
Dil Answer % Correct
Yakutça 1 biir
100%
Altayca | Azerice | Gagavuzca | +11 others 1 bir
100%
Azerice | Gagavuzca | Türkmence | Türkçe 2 iki
100%
Uygurca | Yakutça | Özbekçe 2 ikki
100%
Altayca | Azerice | Başkurtça | +6 others 6 altı
99%
Karakalpakça 6 alti
99%
Altayca | Azerice | Gagavuzca | +4 others 5 beş
99%
Karakalpakça | Kazakça 5 bes
99%
Tuvaca 5 beš
99%
Kırım Tatarcası 3 üç
99%
Gagavuzca | Kırım Tatarcası | Türkmence | Türkçe 4 dört
99%
Altayca | Azerice | Gagavuzca | +5 others 3 üç
99%
Azerice 7 yeddi
99%
Gagavuzca | Türkmence | Türkçe 9 dokuz
98%
Altayca | Azerice | Gagavuzca | +9 others 10 on
98%
Özbekçe 10 o'n
98%
Gagavuzca | Kırım Tatarcası | Türkmence | Türkçe 8 sekiz
98%
Azerice 8 səkkiz
98%
Uygurca 8 sekkiz
98%
Kırım Tatarcası | Türkçe 7 yedi
98%
Türkmence 7 ýedi
98%
Karakalpakça | Karaçay-Balkarca | Kazakça | +2 others 2 eki
19%
Altayca 2 ėki
19%
Azerice 4 dörd
18%
Karakalpakça | Kazakça 4 tórt
18%
Özbekçe 4 to'rt
18%
Altayca | Karaçay-Balkarca | Kırgızca 4 tört
18%
Özbekçe 7 yetti
12%
Başkurtça | Tatarca 4 dürt
11%
Türkmence 5 bäş
10%
Azerice 9 doqquz
10%
Özbekçe 8 sakkiz
9%
Yakutça 3 üs
9%
Başkurtça | Tatarca 5 biş
8%
Başkurtça | Tatarca 10 un
8%
Tuvaca 6 aldı
7%
Başkurtça 1 ber
7%
Uygurca | Özbekçe 5 besh
7%
Kırım Tatarcası 9 doquz
7%
Başkurtça | Tatarca 2 ike
6%
Özbekçe 6 olti
5%
Özbekçe 3 uch
5%
Uygurca 3 üch
5%
Yakutça 6 alta
4%
Karakalpakça | Karaçay-Balkarca | Kazakça | Kırgızca 8 segiz
4%
Kırgızca 9 toguz
4%
Karaçay-Balkarca 9 toğuz
4%
Uygurca 6 alte
3%
Kazakça | Türkmence 6 alty
3%
Gagavuzca 7 edi
3%
Karakalpakça | Kazakça | Kırgızca 7 jeti
3%
Altayca 7 ĵeti
3%
Tuvaca 8 ses
3%
Özbekçe 9 to'qqiz
3%
Tuvaca 7 čedi
2%
Yakutça 8 ağıs
1%
Yakutça 5 bies
1%
Karaçay-Balkarca 7 ceti
1%
Başkurtça 3 ös
1%
Yakutça 7 sette
1%
Tatarca 8 sigez
1%
Yakutça 9 toğus
1%
Altayca 9 togus
1%
Uygurca 9 toqquz
1%
Tuvaca 9 tos
1%
Uygurca 4 töt
1%
Tatarca 9 tuğız
1%
Başkurtça 9 tuğıź
1%
Yakutça 4 tüört
1%
Yakutça 10 uon
1%
Karakalpakça | Kazakça 3 úsh
1%
Başkurtça 7 yete
1%
Uygurca 7 yette
1%
Tuvaca 3
1%
Çuvaşça 7 ciççӗ
0%
Tatarca 7 cide
0%
Tuvaca 4 dɵrt
0%
Başkurtça 8 higeź
0%
Tuvaca 2 iji
0%
Çuvaşça 2 ikkӗ
0%
Çuvaşça 5 pillӗk
0%
Çuvaşça 1 pӗr
0%
Çuvaşça 8 sakkӑr
0%
Altayca 8 segis
0%
Çuvaşça 9 tӑhhӑr
0%
Karakalpakça 9 toǵiz
0%
Kazakça 9 toǵyz
0%
Çuvaşça 4 tӑvӑttӑ
0%
Çuvaşça 6 ulttӑ
0%
Çuvaşça 3 viccӗ
0%
Çuvaşça 10 vunnӑ
0%
No matching quizzes found
Score Distribution
Percent of People with Each Score
Percentile by Number Answered
Your Score History
You have not taken this quiz